Kokoomuksen europarlamentaarikot - Statistics

Yleistilastot
  • Tätä visaa on pelattu 10 kertaa
  • Keskiarvotulos 15 / 34
Vastaustilastot
Vuosi Edustaja % Oikein
2004-2008 Alexander Stubb
89%
2008-2009 Sirpa Pietikäinen
89%
2009-2014 Sirpa Pietikäinen
89%
2014-2019 Sirpa Pietikäinen
89%
2019-2024 Sirpa Pietikäinen
89%
2014-2019 Henna Virkkunen
78%
2019-2024 Henna Virkkunen
78%
2024-2029 Henna Virkkunen
78%
2024-2029 Pekka Toveri
78%
2024-2029 Aura Salla
67%
2004-2009 Ville Itälä
67%
2009-2012 Ville Itälä
67%
2003-2004 Eija-Riitta Korhola
44%
2004-2009 Eija-Riitta Korhola
44%
2009-2014 Eija-Riitta Korhola
44%
1999-2004 Ilkka Suominen
44%
2024-2029 Mika Aaltola
44%
2012-2014 Petri Sarvamaa
44%
2014-2019 Petri Sarvamaa
44%
2019-2024 Petri Sarvamaa
44%
1999-2004 Ari Vatanen
33%
1996-1999 Jyrki Otila
33%
1995-1996 Kyösti Toivonen
22%
1999-2004 Piia-Noora Kauppi
22%
2004-2009 Piia-Noora Kauppi
22%
1996-1999 Raimo Ilaskivi
22%
1995-1996 Riitta Jouppila
22%
2009 Eva-Riitta Siitonen
11%
1996-1999 Kirsi Piha
11%
1996-1999 Marjo Matikainen-Kallström
11%
1999-2004 Marjo Matikainen-Kallström
11%
1995-1996 Pirjo Rusanen
11%
1995-1996 Ritva Laurila
0%
1999 Ritva Laurila
0%
Ehtoja vastaavia visoja ei löytynyt
Tulosjakauma
Jokaisen tuloksen saaneiden osuus
Persentiili vastausten määrän mukaan
Tuloshistoriasi
Et ole pelannut tätä visaa